000 00548nam a2200181Ia 4500
003 GCL
008 140319s9999 xx 000 0 ara d
040 _aGCL /
_cGCL
082 0 4 _aد
_b050
100 1 _aفوزى الشتوى (مترجم)
245 1 0 _aمن عجائب الحياة ( اقرا 303 ) /
_cفوزى الشتوى (مترجم)
300 _a111 ص
490 _aوثائق ونصوص
_v0
650 0 4 _aالطبيعة
650 0 4 _aالمناظر الطبيعية
650 0 4 _aما وراء الطبيعة, علم
942 _2ddc
_cCF
999 _c27304
_d27304